000 00631nam a22001457a 4500
020 _a978-93-5376-231-5
082 _a823
_bVIL/I
100 _aVILAS, SHUBHUA
245 _aINDRA AND AIRAVAT THE ELEPHANT
260 _aU.P
_bVILAS, SHIBHA
_cOM BOOKS INTERNATIONA
300 _a10
520 _aThe birth of this elephant was planned so that Lord Indra could have an animal of his own, to serve as his escort. In brief, Airavata was born when Brahma sang sacred Mantras over the halves of the eggshell. These eggshells are of the egg which Pakshiraj Garuda- The vehicle of Lord Vishnu hatched.
650 _aSHORT STORY
942 _cBK
999 _c7034
_d7034